000 00548nam a2200205Ia 4500
001 14922
003 GE_BSU
008 181216s||||||||xx |||||||||||||| ||und||
040 _cGE_BSU
080 _a530.1(075.8)
100 _aБлохинцев,Д.И.
245 _aОсновы квантовой механики
245 _cРед.С.Г.Суворов
260 _aМ-Л
260 _bГостехиздат
260 _c1949
300 _a588стр.23см.
653 _aОсновы квантовой механики
942 _cBK
999 _c48042
_d48042